| Поле | Инд. | ПП | Название | Значение |
|---|---|---|---|---|
| Тип записи | a | |||
| Библиографический уровень | a | |||
| 001 | Контрольный номер | 99a745898d4a40849379b7650a819703 | ||
| 005 | Дата корректировки | 20260703121731.3 | ||
| 040 | a | Служба первич. каталог. | 10013504 | |
| 041 | 0_ | a | Код языка текста | rus |
| 100 | 1_ | a | Автор | Тевлин А.М. |
| q | Полное имя | Тевлин Абрам Максимович | ||
| 245 | 10 | a | Заглавие | Конструирование непрерывных каркасов обводов линейчатых поверхностей методом кинематических диаграмм |
| 504 | a | Библиография | Библиогр.: с. 68 (11 назв.) | |
| 653 | 0_ | a | Ключевые слова | АВТОР МАИ |
| 700 | 12 | a | Другие авторы | Манашеров Э.Э. |
| q | Полное имя | Манашеров Э.Э. | ||
| 773 | 18 | a | Заголовок основной записи | Московский авиационный институт им. С. Орджоникидзе |
| w | Контрольный № источника | 9806f61984534a77a4221b5b24678949 | ||
| t | Название источника | Труды института | ||
| d | Место и дата издания | Москва : МАИ, 1970 | ||
| g | Прочая информация | Вып. 213. - С. 59-68 | ||
| 901 | t | Тип документа | a |